000 00792nam a2200229Ia 4500
003 OSt
005 20220925205744.0
006 a|||||r|||| 00| 0
007 ta
008 220923b |||||||| |||| 00| 0 eng d
037 _cGeneral Book
040 _aRTL
_cRTL
_beng
041 _2eng
_aeng
082 _aX:54-991.4.N7, L7
100 _aAkrasanee Narongejai, and others Ed.
_9270937
245 0 _aTrade and employment in Asia and the Pacific
260 _aHonolulu
_bUniversity of Hawaii
_c1977
300 _axv,451p
_ccm.
490 _aCouncil for Asian Manpower Studies , School of Economics, Qurzon City. Pacific Trade and Development Conference
942 _hX:54-991.4.N7, L7
_cGB
_2CC
999 _c553104
_d553104